Data Structures With Python (Record no. 12459)
[ view plain ]
| 000 -LEADER | |
|---|---|
| fixed length control field | 00359nam a22001577a 4500 |
| 003 - CONTROL NUMBER IDENTIFIER | |
| control field | OSt |
| 008 - FIXED-LENGTH DATA ELEMENTS--GENERAL INFORMATION | |
| fixed length control field | 240412b |||||||| |||| 00| 0 eng d |
| 020 ## - INTERNATIONAL STANDARD BOOK NUMBER | |
| International Standard Book Number | 9789355513304 |
| 082 ## - DEWEY DECIMAL CLASSIFICATION NUMBER | |
| Classification number | 005.133 BHD |
| 100 ## - MAIN ENTRY--PERSONAL NAME | |
| Personal name | BHASIN,Harsh |
| 245 ## - TITLE STATEMENT | |
| Title | Data Structures With Python |
| 250 ## - EDITION STATEMENT | |
| Edition statement | 1st Ed |
| 260 ## - PUBLICATION, DISTRIBUTION, ETC. (IMPRINT) | |
| Place of publication, distribution, etc | New Delhi |
| Name of publisher, distributor, etc | BPB |
| Date of publication, distribution, etc | 2024 |
| 300 ## - PHYSICAL DESCRIPTION | |
| Extent | 402 |
| 942 ## - ADDED ENTRY ELEMENTS (KOHA) | |
| Source of classification or shelving scheme | Dewey Decimal Classification |
| Koha item type | Text Books |
| Withdrawn status | Lost status | Source of classification or shelving scheme | Damaged status | Not for loan | Collection code | Home library | Current library | Date acquired | Source of acquisition | Currency | Cost, normal purchase price | Bill Number | Total Checkouts | Full call number | Acc. no. / Barcode | Date last seen | Actual Cost, discounted price | Bill Date | Koha item type | Date last borrowed |
|---|---|---|---|---|---|---|---|---|---|---|---|---|---|---|---|---|---|---|---|---|
| Dewey Decimal Classification | Computer Science and Engineering in AI & Machine Learning | PIET C-LIBRARY | PIET C-LIBRARY | 23/03/2024 | Zafaa Books and Distributors | In rupees | 799.00 | ZBD0453 | 005.133 BHD | 35874 | 12/04/2024 | 583.27 | 23/03/2024 | Reference Books | ||||||
| Dewey Decimal Classification | Computer Science and Engineering in AI & Machine Learning | PIET C-LIBRARY | PIET C-LIBRARY | 23/03/2024 | Zafaa Books and Distributors | In rupees | 799.00 | ZBD0453 | 1 | 005.133 BHD | 35875 | 06/05/2024 | 583.27 | 23/03/2024 | Text Books | 22/04/2024 | ||||
| Dewey Decimal Classification | Computer Science and Engineering in AI & Machine Learning | PIET C-LIBRARY | PIET C-LIBRARY | 23/03/2024 | Zafaa Books and Distributors | In rupees | 799.00 | ZBD0453 | 7 | 005.133 BHD | 35876 | 05/12/2025 | 583.27 | 23/03/2024 | Text Books | 21/11/2025 | ||||
| Dewey Decimal Classification | Computer Science and Engineering in AI & Machine Learning | PIET C-LIBRARY | PIET C-LIBRARY | 23/03/2024 | Zafaa Books and Distributors | In rupees | 799.00 | ZBD0453 | 6 | 005.133 BHD | 35877 | 31/12/2025 | 583.27 | 23/03/2024 | Text Books | 17/12/2025 | ||||
| Dewey Decimal Classification | Computer Science and Engineering in AI & Machine Learning | PIET C-LIBRARY | PIET C-LIBRARY | 23/03/2024 | Zafaa Books and Distributors | In rupees | 799.00 | ZBD0453 | 005.133 BHD | 35878 | 12/04/2024 | 583.27 | 23/03/2024 | Text Books |